000 00340nam a2200145Ia 4500
008 230917s9999||||xx |||||||||||||| ||und||
040 _e37526
_aMAIN
041 _aEnglish
082 _a658 P215M
100 _aParekh, H T
245 0 _aManagement of industry in India
260 _aBombay
_bVora
_c1971
300 _a74 p.
942 _cBK
999 _c122035
_d122035